000 00498nam a22001817a 4500
003 CEME
005 20210628203134.0
008 210118b xxu||||| |||| 00| 0 eng d
020 _a0-07-058599-7
040 _cceme
082 _a623.893 GOP
100 _aGopi, Satheesh
_963551
245 _aGlobal positioning system , principles and applications
260 _aNEW DELHI
_bTATA MCGRAW HILL
_c2005
300 _aXVI,337 P
650 _aGLOBAL POSITIONING SYSTEM.GPS
_963552
942 _cBK
_2ddc
999 _c572336
_d572336